000 00762nam a2200253 i 4500
003 DO-SdBNP
005 20250507092337.0
007 ta
008 250507b2024 dr ||||| |||| 00| 0 spa d
020 _a9789945802030
040 _aDO-SdBNP
_bspa
_cBNPHU
_erda
041 _aspa
082 4 _axxx
_bL579f
_222
100 1 _aLeón Ortiz, Carmen de
_eautor
_4aut.
_987166
245 1 0 _aFragmentos de una vida /
_cCarmen de León Ortiz
264 _aSanto Domingo, República Dominicana :
_bTiempo de Nosotros Editores,
_c2024.
300 _a157 páginas ;
_c22 cm.
336 _atexto
_btxt
_2rdacontent
337 _asin mediación
_bn
_2rdamedia
338 _avolumen
_bnc
_2rdacarrier
590 _aInventariado, 2025 /LP
910 _aLP
942 _2ddc
_cLBS1
999 _c58383
_d58383